[Event "Penang op 15th"]
[Site "Penang"]
[Date "2023.12.21"]
[Round "7"]
[White "Bonnet, Gabriel Misa Jean"]
[Black "Chua, Jia Tien"]
[Result "0-1"]
[WhiteElo "1494"]
[BlackElo "1858"]
[PlyCount "68"]
[EventDate "2023.12.18"]
[EventType "swiss"]
[EventRounds "9"]
[EventCountry "MAS"]
[SourceTitle "CB52_2023"]
[SourceDate "2023.12.27"]
[SourceVersion "1"]
[SourceVersionDate "2023.12.27"]
[SourceQuality "1"]

1. d4 d5 2. c4 e6 3. Nf3 c5 4. cxd5 exd5 5. e3 Nc6 6. Nc3 Nf6 7. Be2 cxd4 8. Nxd4 Bc5 9. 0-0 0-0 10. Bf3 Be6 11. Nb3 Be7 12. Qe2 Ne5 13. Rd1 Nxf3+ 14. Qxf3 Bg4 15. Qf4 Bxd1 16. Nxd1 Bd6 17. Qd4 Re8 18. Bd2 Ne4 19. Be1 Rc8 20. Qxa7 Qh4 21. g3 Qh5 22. Nd4 Bc5 23. Qxb7 Bxd4 24. exd4 Ng5 25. Ne3 Rcd8 26. Qb5 Nf3+ 27. Kg2 Nxd4 28. Qd3 Qf3+ 29. Kg1 Ne2+ 30. Kf1 d4 31. Rd1 Rb8 32. Ng2 Qh5 33. Rd2 Qxh2 34. Ne3 dxe3 0-1